| 000 | 01044cam a22003253a 4500 | ||
|---|---|---|---|
| 001 | 27251 | ||
| 003 | PGUSA | ||
| 005 | 20140828083605.0 | ||
| 008 | 081113s2008||||xxu|||||s|||||000 1 eng d | ||
| 040 |
_aPGUSA _beng |
||
| 042 | _adc | ||
| 050 | 4 | _aPS | |
| 050 | 4 | _aPZ | |
| 100 | 1 |
_aRichards, Laura Elizabeth Howe, _d1850-1943 |
|
| 245 | 1 | 0 |
_a"Some Say"; Neighbours in Cyrus _h[electronic resource] / _cLaura Elizabeth Howe Richards |
| 260 |
_bProject Gutenberg, _c2008 |
||
| 506 | _aPublic domain in the USA. | ||
| 516 | _aElectronic text | ||
| 653 | _aYouth -- Conduct of life -- Juvenile fiction | ||
| 653 | _aChristian life -- Juvenile fiction | ||
| 653 | _aNeighbors -- Juvenile fiction | ||
| 653 | _aConduct of life -- Juvenile fiction | ||
| 653 | _aSick -- Juvenile fiction | ||
| 653 | _aClergy -- Juvenile fiction | ||
| 653 | _aYouth and death -- Juvenile fiction | ||
| 653 | _aPhysicians -- Juvenile fiction | ||
| 830 | 0 |
_aProject Gutenberg _v27251 |
|
| 856 | 4 | 0 | _uhttp://www.gutenberg.org/ebooks/27251 |
| 942 | _cEB | ||
| 999 |
_c256506 _d256506 |
||